Normal view
MARC view
- Executive ability. Performance. Success in business. Conduct of life
Entry Topical Term
001 - CONTROL NUMBER
- control field: 86254
003 - CONTROL NUMBER IDENTIFIER
- control field: OSt
005 - DATE AND TIME OF LATEST TRANSACTION
- control field: 20250423140640.0
008 - FIXED-LENGTH DATA ELEMENTS
- fixed length control field: 250423|| aca||aabn | a|a d
040 ## - CATALOGING SOURCE
- Original cataloging agency: OSt
- Transcribing agency: OSt
150 ## - HEADING--TOPICAL TERM
- Topical term or geographic name as entry element: Executive ability. Performance. Success in business. Conduct of life
670 ## - SOURCE DATA FOUND
- Source citation: Work cat.: (OSt)48866: Rath, Tom, 1975- 64239, Strengths finder 2.0 /, c2007.